000 00854nam a2200253 a 4500
001 12964
003 BD-JhCC
005 20230606200116.0
008 230606s1986 nyuabcj b 001 0 eng
020 _a0029101905
035 _a(BD-JhCC)12963
040 _aDLC
_cDLC
_dDLC
_dBD-JhCC
041 _aeng
050 0 0 _aDS36.85
_b.A39 1986
082 0 0 _a909/.097671
_219
_bALF 1986
100 1 _aAl-Faruqi, Ismaʼil R.,
_d1921-1986.
245 1 0 _aCultural atlas of Islam /
_cIsmaʼīl R. al Fārūqī and Lois Lamyāʼ al Fārūqī.
260 _aNew York :
_bMacmillan ;
_aLondon :
_bCollier Macmillan,
_cc1986.
300 _axv, 512 p. :
_bill., geneal. tables, maps (some col.), ports. ;
_c29 cm.
504 _aIncludes bibliographies and indexes.
650 0 _aIslamic civilization.
700 1 _aAl Faruqi, Lois Ibsen,
_d1926-1986.
942 _2ddc
_cREF
999 _c12964
_d12964